000 00494cam a2200193 4500
001 D9781
008 090401t1983 xxu||||| |||| 00| 0 eng d
035 _a(Sirsi) u22330
041 _aeng
050 _a693.971
100 _aWheat, M.
245 _aWhat`s new in adhesives
260 _aAscot, Berks
_bThe Chartered Institute of Building
_c1983
300 _a6p
_c30cm
350 _a0
490 _aTechnical Information Service
_pSite Management
_v24
942 _n0
948 _c04/03/1997
999 _c88168
_d88168